000 00929nam a22002537a 4500
005 20170124103050.0
010 _aA-366204
020 _c55.00
_a8170431123
035 _aA-366204
037 _bCen Lib/Ret
040 _aDPL
_bHN
082 _a
_bबलब
100 _aबलबंत सिंह
_970454
245 _aगुलिया के तोते /
_cबलबंत सिंह
246 _aGuliya ke tote
_bby Balvant Singh
260 _aदिल्ली
_bआत्माराम एंड संस
270 _aकश्मीरी गेट
_bदिल्ली
_e110006
300 _a144पृष्ठ.
_c20सेमी(सजिल्द)
650 _aहिंदी साहित्य
_970455
650 _aहिंदी उपन्यास
_970456
650 _aHindi literature
_970457
650 _ahindi novel
_970458
942 _2ddc
_cHN
_h
_mबलब
999 _c117163
_d117163